ヒューマンバグ大学キャラ - Statistics

General Stats
  • This quiz has been taken 16 times
  • The average score is 62 of 247
Answer Stats
Picture Answer % Correct
佐竹博文
80%
鬼頭丈二
60%
伊集院茂夫
60%
小峠華太
50%
天羽桂司
50%
須永陽咲也
50%
和中蒼一郎
50%
元雲嵐
40%
紅林二郎
40%
流川隆雄
40%
エマ
40%
利平
40%
工藤清志
40%
野田一
40%
冨樫宗司
40%
永瀬光一
40%
矢部光晴
40%
小林幸真
40%
青山琉己
40%
香月紫苑
40%
速水泰輝
40%
飯豊朔太郎
40%
工藤恒清
40%
宇佐美純平
40%
久我虎徹
40%
大園銀次
40%
六車謙信
40%
一条康明
40%
森若冬史郎
40%
鵺(智也)
40%
赤城永吉
30%
サーマート
30%
天羽京子
30%
南雲梗平
30%
北岡隆太
30%
近藤新平太
30%
海瀬将悟
30%
相良颯誠
30%
仙石薫
30%
ルーク黒羽根
30%
犬飼鷹四郎
30%
綾小路乃武
30%
佐古大和
30%
新城杏太郎
30%
阿蒜寛太
30%
黒澤航太郎
30%
犬亥鳳太郎
30%
伊武隼人
30%
半田民生
30%
井上月麦
30%
来栖三成
30%
瓜生龍臣
30%
香鈴
30%
バース
30%
ジェイク
30%
金鳳智
30%
鶴城史之舞
30%
町田寅泰
30%
さゆり
30%
小森健二
30%
銀田栄山
30%
鵺兄(俊也)
30%
紫電
30%
万雷
30%
三門一郎太
30%
戸狩玄弥
30%
三國貞治
30%
渋谷大智
30%
馬渕春斗
30%
城戸丈一郎
30%
浅倉潤
30%
苅込一輝
30%
岸本隆太郎
30%
ニトロ
30%
神城義信
30%
名波和親
30%
藤本忠勝
30%
市合麟太郎
30%
百田吾郎
30%
長門碧
30%
広瀬大聖
30%
安芸直治
30%
和泉錦之助
30%
タコ(壬生大吾)
30%
チュロス(壬生鶴之助)
30%
城ヶ崎賢志
30%
東雲竜政
30%
小湊圭一
30%
高城蓮太郎
30%
秋元詩郎
30%
我妻京也
30%
麻生成凪
30%
上堂新一
30%
遊馬大介
30%
角中正樹
30%
香坂慎太郎
30%
辰巳春希
30%
タンタン
30%
鳳崎桔平
30%
反町琥治郎
30%
山名龍平
30%
森川
30%
パブロ
30%
ルイス
30%
ダヴィッツ
30%
パク・ソジュン
30%
ワッサン
30%
カニ
30%
銀田栄角
30%
ピンク
30%
翠蘭
30%
山田康生
30%
番場裕次郎
30%
鷺忌
30%
世良蓮二郎
30%
祇園織文(オリオン)
30%
鷺宮慎吾(ミスト)
30%
鷲尾孝徳(イヌワシ)
30%
雷電
30%
サイ
30%
御堂鋼作(御前)
30%
櫻田重信
30%
周防律
30%
榊長介
30%
山本豪将
30%
野村寛次郎
30%
青柳孔雅
30%
ファビアンJr.
30%
根岸千恵
20%
有馬文太(アリス)
20%
木仏蓮
20%
飛田新治
20%
西条秀郎
20%
深道真津梨
20%
如月
20%
伍代千隼
20%
乙無慎太郎
20%
マシュー・ライアン
20%
フェルナンド
20%
阿久津敏朗
20%
宅間俊介
20%
水野陽太
20%
茂木功志郎
20%
慶永龍生
20%
五十嵐幸光
20%
五十嵐梢
20%
日下孝次郎
20%
国生英明
20%
西園寺健吾
20%
二階堂将平
20%
高砂明夫
20%
白武利光
20%
野島翔
20%
鷹橋修也
20%
浪岡常吉
20%
赤坂祥太郎
20%
眉済俊之
20%
柳楽和光
20%
龍本雅幸
20%
鮎川鉄次
20%
鮫洲誠司
20%
橘花清志郎
20%
毛利公平
20%
毛利仁美
20%
芦澤恒彦
20%
女鵺(美羽)
20%
アデン
20%
ミン
20%
部南忠志
20%
大貫桃子
20%
夏目
20%
大嶽徳史
20%
陣内賢斗
20%
高見沢斗真
20%
椎名和海
20%
室屋柊斗
20%
韮澤伸次郎
20%
似鳥正男
20%
葛城
20%
佐久間義景
20%
松尾蔵之介
20%
真田遼亮
20%
歌鳥東彦
20%
設楽紀明
20%
間宮恭平
20%
神原拓
20%
綾辻雅史
20%
皆堂智則
20%
妹尾隆仁
20%
緋田功哲郎
20%
榊原周
20%
四宮武志
20%
深瀬大也
20%
烏丸瑞紀
20%
モンテロ
20%
セルジオ・トルナード
20%
イグナシオ
20%
ジェフ
20%
パンチョ
20%
薬師丸旭
20%
伊舎堂崇
20%
伊庭環人
20%
鈴蘭
20%
軍鶏
20%
山下跳太(ポメラニアン)
20%
秋月義一
20%
冬馬辰之進
20%
綾瀬美桜
10%
チチ長谷川
10%
佐伯ゼッターランド博子
10%
不来方ひな太
10%
片倉
10%
羽柴和成
10%
桜庭恵吾
10%
氷室一真
10%
蓮見紀次
10%
門倉正造
10%
アザール
10%
ダリウス
10%
ソフィア倉田
10%
鷺沼徹二
10%
西田朋恵
10%
風谷
10%
花沢伊織
10%
宮戸龍樹
10%
京一
10%
呉英浩
10%
呉英宇
10%
千堂成義
10%
白石玲士
10%
仁志哲平
10%
高槻晴彦
10%
屋敷雅成
10%
赤川有朋
10%
神田直道
10%
木田圭
10%
常盤哲
10%
十河勝也
10%
八神政虎
10%
鈴宮冴美
10%
岡部賢吾
10%
袴田秀郎
10%
大丸靖公
10%
高野真周
10%
秋月秀一
10%
國舘正邦
10%
JJ
10%
No matching quizzes found
Score Distribution
Percent of People with Each Score
Percentile by Number Answered
Your Score History
You have not taken this quiz